书目信息 |
| 题名: |
文物与生物
|
|
| 作者: | 时墨庄 著 | |
| 分册: | ||
| 出版信息: | 北京 东方出版社 1999 |
|
| 页数: | 157页 | |
| 开本: | 20cm | |
| 丛书名: | “中国文物与学科”丛书 | |
| 单 册: | ||
| 中图分类: | Q-092 | |
| 科图分类: | ||
| 主题词: | 生物学--科技成果--中国--古代 | |
| 电子资源: | ||
| ISBN: | 7-5060-0979-X | |
| 000 | 01050nam0 2200313 450 | |
| 000 | 01013nam0 2200301 450 | |
| 000 | 01012nam0 2200313 450 | |
| 000 | 00958nam0 2200289 450 | |
| 000 | 00987nam0 2200277 450 | |
| 000 | 00950nam0 2200265 45 | |
| 005 | 20061226151235.60 | |
| 010 | @a7-5060-0979-X@dCNY13.00 | |
| 100 | @a20060829d1999 em y0chiy0120 ea | |
| 101 | 0 | @achi |
| 102 | @aCN@b110000 | |
| 105 | @af z 000yd | |
| 200 | 1 | @a文物与生物@Awen wu yu sheng wu@f时墨庄著@FShi Mo Zhuang Zhu |
| 210 | @a北京@c东方出版社@d1999 | |
| 215 | @a157页@c图@d20cm | |
| 225 | 2 | @a“中国文物与学科”丛书 |
| 330 | @a本书借助我国丰富的历史文物遗存及科学史资料,对我国传统的生物科学成就,作一生动、翔实的介绍。 | |
| 410 | 0 | @12001 @a中国文物与学科丛书 |
| 606 | 0 | @a生物学@x科技成果@y中国@z古代 |
| 690 | @aQ-092@v4 | |
| 701 | 0 | @a时墨庄@Ashi mo zhuang@4著 |
| 801 | 0 | @aCN@b中图数据@c20061226 |
| 905 | @a10447@dQ-092@e54 | |
| 文物与生物/时墨庄著.-北京:东方出版社,1999 |
| 157页:图;20cm.-(“中国文物与学科”丛书) |
| ISBN 7-5060-0979-X:CNY13.00 |
| 本书借助我国丰富的历史文物遗存及科学史资料,对我国传统的生物科学成就,作一生动、翔实的介绍。 |
| ● |
| 相关链接 |
|
|
|
|
正题名:文物与生物
索取号:Q-092/54
 
预约/预借
| 序号 | 登录号 | 条形码 | 馆藏地/架位号 | 状态 | 备注 |
| 1 | 0601279 | 206012795 | 第二样本阅览室/ [索取号:Q-092/54] | 在馆 | |
| 2 | 0601280 | 206012802 | 第三借阅区/ [索取号:Q-092/54] | 在馆 | |
| 3 | 0601281 | 206012811 | 第三借阅区/ [索取号:Q-092/54] | 在馆 | |
| 4 | 0601282 | 206012820 | 第三借阅区/ [索取号:Q-092/54] | 在馆 | |
| 5 | 0601283 | 206012839 | 第三借阅区/ [索取号:Q-092/54] | 在馆 | |
| 6 | 0601284 | 206012848 | 第三借阅区/ [索取号:Q-092/54] | 在馆 |